| 000 | 02552cam a2200433 i 4500 | ||
|---|---|---|---|
| 001 | 17405001 | ||
| 003 | OSt | ||
| 005 | 20180116183013.0 | ||
| 008 | 120727s2013 nyua b 001 0 eng | ||
| 010 | _a 2012021719 | ||
| 020 | _a9780415587365 (hbk.) | ||
| 020 | _a0415587360 (hbk.) | ||
| 020 | _a9780415587372 (pbk.) | ||
| 020 | _a0415587379 (pbk.) | ||
| 020 | _z9780203079355 (ebk.) | ||
| 020 | _z0203079353 (ebk.) | ||
| 040 |
_aDLC _beng _cDLC _dDLC _erda |
||
| 042 | _apcc | ||
| 050 | 0 | 0 |
_aTS155 _b.S838 2013 |
| 082 | 0 | 0 |
_a658.4012 BRO 2012 _223 |
| 084 |
_aBUS000000 _aBUS049000 _aBUS063000 _2bisacsh |
||
| 100 | 1 |
_aBrown, Steve, _d1957- |
|
| 245 | 1 | 0 |
_aStrategic operations management / _cSteve Brown, John Bessant, Richard Lamming. |
| 250 | _aThird edition. | ||
| 300 |
_axiv, 497 pages : _bcolor illustrations ; _c25 cm |
||
| 504 | _aIncludes bibliographical references and index. | ||
| 520 | _a"This revitalized new edition of Strategic Operations Management focuses on the four core themes of operations strategy, a vital topic for any company's objectives: strategy, innovation, services, and supply. Expertly authored by a team of Europe's top scholars in the field, the text is enhanced by the addition of new case examples, graphic images, learning objectives, discussion questions, and suggestions for further reading. In addition, the companion website offers a comprehensive set of web links and videos to augment the learning experience. This truly comprehensive volume underscores the differences between the core theories that underpin operations management. Students taking MBA, MSc and MBM classes on operations management, advanced operations management, and strategic operations management will find this textbook fulfills all their requirements whilst advanced undergraduate classes in these areas will also find the book an essential read"-- | ||
| 650 | 0 | _aProduction management. | |
| 650 | 0 | _aStrategic planning. | |
| 650 | 7 |
_aBUSINESS & ECONOMICS / General. _2bisacsh |
|
| 650 | 7 |
_aBUSINESS & ECONOMICS / Operations Research. _2bisacsh |
|
| 650 | 7 |
_aBUSINESS & ECONOMICS / Strategic Planning. _2bisacsh |
|
| 700 | 1 | _aBessant, J. R. | |
| 700 | 1 | _aLamming, Richard. | |
| 775 | 0 | 8 |
_iRevision of: _tStrategic operations management / Steve Brown ... [et al.] _dOxford ; Boston : Butterworth-Heinemann, 2000 _nTS155.S838 2000 |
| 906 |
_a7 _bcbc _corignew _d1 _eecip _f20 _gy-gencatlg |
||
| 942 |
_2ddc _cBK |
||
| 999 |
_c350362 _d350362 |
||